1994 Albums by Picture of Cover - Statistics

General Stats
  • This quiz has been taken 173 times
    37 since last reset
  • The average score is 10 of 24
Answer Stats
Picture Answer % Correct
Dookie
88%
Weezer
88%
MTV Unplugged in New York
68%
Grace
56%
Illmatic
53%
Superunknown
53%
The Downward Spiral
50%
Jar of Flies
47%
Monster
47%
Definitely Maybe
44%
Parklife
44%
The Division Bell
44%
Purple
41%
Ready to Die
38%
Smash
38%
Throwing Copper
38%
Korn
35%
Live Through This
32%
Sixteen Stone
32%
CrazySexyCool
26%
Chocolate and Cheese
21%
Cracked Rear View
21%
Music for the Jilted Generation
15%
Pisces Iscariot
15%
No matching quizzes found
Score Distribution
Percent of People with Each Score
Percentile by Number Answered
Your Score History
You have not taken this quiz since the last reset